000 00764cam a22002291 4500
999 _c234380
_d234380
001 7788937
003 Nust
005 20170320111011.0
008 800604s1921 enk 000 0 eng
010 _a 22017381
020 _a978-81-7473-346-9
035 _a(OCoLC)6385433
040 _aDLC
_cASAB
_dDLC
042 _apremarc
050 0 0 _aQH367
_b.D25
082 _a547
245 1 0 _aOrganic evolution;
_cby Dr. Kavita
250 _aNew Edition
260 _aINDIA
_bA.I.T.B.S PUBLISHERS
_cC2006
300 _avi 429 Pp.
_c22 cm.
650 0 _aEvolution.
906 _a7
_bcbc
_coclcrpl
_du
_encip
_f19
_gy-gencatlg
942 _2ddc
_cBK